Countries with eagles on their flag - Statistics

General Stats
  • This quiz has been taken 1,784 times
  • The average score is 4 of 8
Answer Stats
Hint Answer % Correct
Albania
76%
Mexico
67%
Montenegro
45%
Serbia
43%
Egypt
42%
Moldova
38%
Zambia
30%
Kazakhstan
22%
No matching quizzes found
Score Distribution
Percent of People with Each Score
Percentile by Number Answered
Your Score History
You have not taken this quiz